| 000 | 00648nam a22001937a 4500 | ||
|---|---|---|---|
| 999 |
_c61727 _d61727 |
||
| 005 | 20240422170655.0 | ||
| 008 | 240422s2008 enk||||| |||| 00| 0 eng d | ||
| 020 | _a9780849337789x | ||
| 041 | _aeng | ||
| 080 | _a615.9 H-41 | ||
| 100 |
_aHayes, A. Wallace _921912 |
||
| 245 |
_aPrinciples and Methods of Toxicology / _cA. Wallace Hayes. |
||
| 250 | _a5th Edition | ||
| 264 |
_aBoca Raton : _bCRC Press, _c2008. |
||
| 300 |
_a2270 p.: _bill.; _c28 cm. |
||
| 653 | _aტოქსიკოლოგიის პრინციპები და მეთოდები | ||
| 653 | _aმედიცინა | ||
| 942 |
_2udc _cᲬᲘᲒᲜᲘ |
||